000 02478nam a2200385 i 4500
001 193583
003 SpMaBN
005 20250720091906.0
007 ta
008 181204s2018 sp | |||| 000 p spa
017 _aM 14519-2018
_bOficina Depósito Legal Madrid
020 _a9788494862137
035 _a(OCoLC)1103695878
040 _aSpMaBN
_bspa
_cSpMaBN
_erda
080 _a821.134.2-14"19"
100 1 _aLucía Megías, José Manuel,
_d1967-
_4aut
_0XX1067264
_eaut
_9240291
245 1 0 _aVersos que un día escribí desnudo /
_cJosé Manuel Lucía Megías ; prólogo, Luis Alberto de Cuenca
250 _aPrimera edición: mayo 2018
264 1 _aMadrid :
_bBala Perdida,
_c2018
300 _a79 páginas ;
_c22 cm
336 _aTexto
_2rdacontent
337 _asin mediación
_2rdamedia
338 _avolumen
_2rdacarrier
490 0 _aPoesía
_v; 3
500 _aÍndice
520 _a José Manuel Lucía escribe desnudo sobre unas rocas de la costa mediterránea, despojado de todo lo que no sea evocación de un gran amor perdido, de todo lo que no sea la huella que un cuerpo y un espíritu dejaron en su cuerpo y en su espíritu, de todo lo que no sea recuerdo del tiempo transcurrido en pareja, cuando todo se multiplicaba por dos y no existía la soledad. Y lo hace en 59 poemas que funcionan a modo de diario de a bordo de una travesía angustiosa marcada por la ausencia del ser amado, como coda de una historia que exige ser escrita para poder borrarse del todo. Como en la soleá que preside estas líneas preliminares, José Manuel ha recordado hasta el delirio los pormenores de su amor pretérito con un solo objetivo: ser capaz de olvidarlo. Cernuda escribió aquello de «olvido de ti, sí, mas no ignorancia tuya». Es eso lo que busca el poeta desnudo en una playa cualquiera de Levante: olvidar —no ignorar—, ante la anonadante inmensidad del mar, la pequeñez hiriente de un corazón llagado. Luis Alberto de Cuenca
655 7 _aPoesías
_2tgfbne
_9176539
700 1 _aCuenca, Luis Alberto de,
_d1950-
_eaui
_9240908
852 _aES-MaACL
_bR. 154452
_cDEPOJ
_jN-9591
_hDonación: José Manuel Lucía Megías
_9201046
_xEncuadernación rústica con solapas
903 _aLucía Megías, José Manuel,
_d1967-
_ednr
_9240291
942 _n0
_cMONOGRAFIA
999 _c193583
_d193583